00344 a2200109 4500245015600000100002000156700001500176700001400191260000900205300001100214035000900225 aOrganes artificiels hybrides : concepts et développement = Hybrid Artificial Organs: Concepts and Development, Colloque, 18-19 octobre 1988, Bordeaux aColloque INSERM aBaquey, C. aDupuy, B. c1989 a412 p. a7401